Study on treatment of refractory azo dye wastewater by combined ozonation and SBR system /
Saved in:
| Main Author: | |
|---|---|
| Format: | Thesis Book |
| Language: | English |
| Published: |
1999.
|
| Tags: |
Add Tag
No Tags, Be the first to tag this record!
|
| LEADER | 00744cam a2200205 a 4500 | ||
|---|---|---|---|
| 001 | u451817 | ||
| 003 | SIRSI | ||
| 008 | 000224s1999 si v 00 1 eng m | ||
| 035 | |a ACI-9886 | ||
| 040 | |a UMM | ||
| 090 | |a TA145 |b NUS 1999 Sun | ||
| 100 | 1 | 0 | |a Sun, Fei. |
| 245 | 1 | 0 | |a Study on treatment of refractory azo dye wastewater by combined ozonation and SBR system / |c Sun Fei. |
| 260 | |c 1999. | ||
| 300 | |a xviii, 124 leaves : |b ill. ; |c 30 cm. | ||
| 502 | |a Dissertation (M.Eng.) -- National University of Singapore, 1999. | ||
| 504 | |a Bibliography: leaves 111-124. | ||
| 948 | |a 25/02/2000 |b 31/10/2002 | ||
| 596 | |a 1 | ||
| 999 | |a TA145 NUS 1999 SUN |w LC |c 1 |i A509509302 |d 4/1/2008 |e 4/1/2008 |l B_KOM4 |m P01UTAMA |n 1 |r Y |s Y |t TESIS |u 11/11/2002 |o .PUBLIC. BKOM 4 : 44244 | ||
